000 00795nas a2200265 4500
001 BR9500707
003 BR-BrBNA
005 20231205093838.0
007 ta
008 230509b bl.|||p| |||| 00| 00por d
040 _aBR-BrBNA
_bpor
_cBiblioteca Nacional de Agricultura
041 _a(Pt)
072 _aL73
100 1 _aSilva, E.N.
100 1 _aArns, C.W.
100 1 _aSilva, J.M.L.
245 1 _aObservacoes sobre a sindrome da cabeca inchada em matrizes pesadas no Brasil
650 _aGalinha
650 _aSindrome
650 _aMatriz
650 _aPneumovirus
773 0 _tArquivo Brasileiro de Medicina Veterinaria e Zootecnia (Brazil)
_xISSN 0102-0935
_g(Jun 1994), v. 46(3) p. 210-222
_wBR9500707
909 _a202311
_bLúcia
_c55
_dLúcia Elande
942 _2AGRIS
_n0
_cANA
999 _c140690
_d140690